| 000 | 01483nam a2200349 c 4500 | ||
|---|---|---|---|
| 003 | BLK | ||
| 005 | 20180422103016.0 | ||
| 008 | 180408b bul|||||r ||||||| ||bul|| | ||
| 010 | _aKNG00073077000 | ||
| 020 |
_a954-07-2327-2 _bиздат.: Унив. изд. Св. Климент Охридски |
||
| 040 | _aBLK | ||
| 041 |
_aBUL _cBUL |
||
| 080 |
_aРуски език _b811.161.1 _x-02(091)(075.8) _z811.161.1-02(091)(075.8) |
||
| 100 | 1 |
_aРемньова, Марина Леонтиевна _eпърви автор _9115884 |
|
| 700 | 1 |
_aКотева, Зоя _eпрев. от рус. _9370986 |
|
| 139 |
_aРемньова, Марина Леонтиевна _bР 51 |
||
| 245 | 1 | 0 |
_aПътища на развитие на руския книжовен език през ХІ-ХVІІ век _cМарина Леонтиевна Ремньова; прев. от рус. Зоя Котева. |
| 257 | _aRUS | ||
| 260 |
_аСофия _bУнив. изд. Св. Климент Охридски _c2006 |
||
| 300 |
_a420 с. _c20 см |
||
| 380 | _a80 | ||
| 500 | _aБез сведение за ориг. загл. - Библиогр. с. 401-408. | ||
| 504 | _a401-408 | ||
| 650 | 4 |
_aРуски език - история - учебници за ВУЗ _9253300 |
|
| 653 | _aруски език | ||
| 653 | _aучебници за ВУЗ | ||
| 852 | _aЦб 232463 | ||
| 856 | 4 |
_qpdf _u |
|
| 856 | 4 |
_qpdf _u |
|
| 942 |
_cKNG _n0 |
||
| 944 |
_aCR _c19.03.2007 _kПенка_Димитрова |
||
| 944 |
_aED _c24.10.2007 _k |
||
| 999 |
_c68748 _d68748 |
||